000 00830nab a2200241u 4500
001 23791
003 HDC
007 c| |||a|c|aaaa
008 210318b20160120my ||||| |||| 00| 0 may d
040 _aHDC
100 _aFatin Fazlina Yaakob /
_eAuthor
_920150
245 0 _aSijil halal tidak sah restoran guna perakuan tak diiktira JAKIM, turut dikesan jual arak /
_cFatin Fazlina Yaakob
336 _atext
_2rdacontent
337 _acomputer
_2rdamedia
338 _aonline resource
_2rdacarrier
650 _aHalal certificate
_9482
650 _aJAKIM
_97825
710 _aBERITA HARIAN
856 _zRequest full-text at [email protected]
942 _2lcc
942 _cNEWS
942 _kNWSC 005206
999 _c21107
_d21107